Catecismo histórico que contiene en resumen la historia santa y la doctrina cristiana (Record no. 7216)

MARC details
000 -CABECERA
campo de control de longitud fija 00720nam a2200241 a 4500
003 - IDENTIFICADOR DEL NÚMERO DE CONTROL
campo de control MX-MxUPN
005 - FECHA Y HORA DE LA ÚLTIMA TRANSACCIÓN
campo de control 20240926063701.0
008 - ELEMENTOS DE LONGITUD FIJA--INFORMACIÓN GENERAL
campo de control de longitud fija 991125s1901 mx fr 000 0 spa d
035 ## - NÚMERO DE CONTROL DEL SISTEMA
Número de control de sistema UPN01000007216
040 ## - FUENTE DE LA CATALOGACIÓN
Centro catalogador/agencia de origen MX-MxUPN
Lengua de catalogación spa
Centro/agencia transcriptor MX-MxUPN
041 ## - CÓDIGO DE IDIOMA
Código de lengua del texto/banda sonora o título independiente spa
050 #4 - SIGNATURA TOPOGRÁFICA DE LA BIBLIOTECA DEL CONGRESO
Número de clasificación BT1037
Número de documento/Ítem F5.28
100 1# - ASIENTO PRINCIPAL--NOMBRE PERSONAL
Nombre de persona Fleury, Claude,
Fechas asociadas al nombre 1640-1723
9 (RLIN) 53717
245 10 - MENCIÓN DE TÍTULO
Título Catecismo histórico que contiene en resumen la historia santa y la doctrina cristiana
260 ## - PUBLICACIÓN, DISTRIBUCIÓN, ETC.
Lugar de publicación, distribución, etc. México :
Nombre del editor, distribuidor, etc. Murguía,
Fecha de publicación, distribución, etc. 1901.
300 ## - DESCRIPCIÓN FÍSICA
Extensión 127 páginas
610 20 - ASIENTO SECUNDARIO DE MATERIA - NOMBRE CORPORATIVO
Nombre de entidad corporativa o nombre de jurisdicción como elemento de entrada Iglesia Católica
Subdivisión general Catecismos
9 (RLIN) 51437
610 20 - ASIENTO SECUNDARIO DE MATERIA - NOMBRE CORPORATIVO
9 (RLIN) 53706
Nombre de entidad corporativa o nombre de jurisdicción como elemento de entrada Iglesia Católica
Subdivisión de forma Credos
902 ## - ELEMENTOS DE DATOS B LOCAL, LDB (RLIN)
Modificó MaríaRobles/250924
904 ## - ELEMENTOS DE DATOS D LOCAL, LDD (RLIN)
a AC
b 007216
905 ## - TIPO DE MATERIAL
Tipo de material Libro
942 ## - ELEMENTOS DE PUNTO DE ACCESO ADICIONAL (KOHA)
Fuente del sistema de clasificación o colocación Library of Congress Classification
Tipo de ítem Koha Libro
Suprimir en OPAC No
Holdings
Estado de retiro Estado de pérdida Fuente del sistema de clasificación o colocación Estado dañado No para préstamo Código de colección Localización permanente Ubicación/localización actual Ubicación en estantería Fecha de adquisición Enumeración/cronología de publicación seriada Clasificación Código de barras Fecha visto por última vez Número de copia Tipo de ítem Koha
    Library of Congress Classification   Disponible (Previa cita) Fondo Reservado de libros Bib. Gregorio Torres Quintero Bib. Gregorio Torres Quintero Sala de Fondos Reservados Planta alta 18/11/2022 - BT1037 F5.28 122425 31/12/2020 1 Libro
    Library of Congress Classification   Disponible (Previa cita) Fondo Reservado de libros Bib. Gregorio Torres Quintero Bib. Gregorio Torres Quintero Sala de Fondos Reservados Planta alta 18/11/2022 - BT1037 F5.28 122424 31/12/2020 1 Libro